[Event "Monaco IM 4th"]
[Site "Monte Carlo"]
[Date "2003.04.10"]
[Round "4"]
[White "Efimov, Igor"]
[Black "Basso, Fabrice"]
[Result "1-0"]
[WhiteElo "2477"]
[BlackElo "2217"]
[PlyCount "61"]
[EventDate "2003.04.07"]
[EventType "tourn"]
[EventRounds "9"]
[EventCountry "MNC"]
[EventCategory "3"]
[SourceTitle "CBM 093 Extra"]
[Source "ChessBase"]
[SourceDate "2003.05.09"]
[SourceVersion "1"]
[SourceVersionDate "2003.05.09"]
[SourceQuality "1"]

1. d4 Nf6 2. c4 c5 3. d5 b5 4. cxb5 a6 5. bxa6 g6 6. g3 Bxa6 7. Bg2 d6 8. Nc3 Bg7 9. Rb1 Nbd7 10. b3 0-0 11. Nf3 Qa5 12. Bd2 Rfb8 13. 0-0 Qc7 14. Qc2 Bb7 15. e4 Ba6 16. Rfd1 Ra7 17. h3 Rab7 18. a4 Qc8 19. Na2 Ne8 20. Rdc1 Qc7 21. Kh2 Kf8 22. Be1 Nb6 23. b4 cxb4 24. Qd1 Qd7 25. Nxb4 Qxa4 26. Nd4 Qxd1 27. Rxd1 Bc4 28. Nbc6 Ra8 29. Ba5 Ra6 30. Rb4 Nc7 31. Bxb6 1-0

[Event "Monaco IM 4th"]
[Site "Monte Carlo"]
[Date "2003.04.07"]
[Round "1"]
[White "Basso, Fabrice"]
[Black "Perez, Flavio"]
[Result "1/2-1/2"]
[WhiteElo "2217"]
[BlackElo "2150"]
[PlyCount "26"]
[EventDate "2003.04.07"]
[EventType "tourn"]
[EventRounds "9"]
[EventCountry "MNC"]
[EventCategory "3"]
[SourceTitle "CBM 093 Extra"]
[Source "ChessBase"]
[SourceDate "2003.05.09"]
[SourceVersion "1"]
[SourceVersionDate "2003.05.09"]
[SourceQuality "1"]

1. e4 c5 2. Nf3 e6 3. d4 cxd4 4. Nxd4 Nc6 5. Nc3 Qc7 6. Be3 a6 7. Qd2 Nf6 8. 0-0-0 b5 9. Bf4 Qb6 10. e5 Qxd4 11. Qxd4 Nxd4 12. Rxd4 b4 13. Na4 Nd5 1/2-1/2

[Event "Imperia op-A 44th"]
[Site "Imperia"]
[Date "2002.09.03"]
[Round "3"]
[White "Basso, Fabrice"]
[Black "Di Paolo, Raffaele"]
[Result "0-1"]
[WhiteElo "2207"]
[BlackElo "2319"]
[PlyCount "68"]
[EventDate "2002.09.01"]
[EventType "swiss"]
[EventRounds "9"]
[EventCountry "ITA"]
[SourceTitle "EXT 2007"]
[Source "ChessBase"]
[SourceDate "2006.11.23"]
[SourceVersion "1"]
[SourceVersionDate "2006.11.23"]
[SourceQuality "1"]

1. e4 c5 2. Nf3 Nc6 3. d4 cxd4 4. Nxd4 e5 5. Nb5 d6 6. N1c3 a6 7. Na3 b5 8. Nd5 Be7 9. c3 Nf6 10. Nxf6+ Bxf6 11. g3 0-0 12. Bg2 Be6 13. 0-0 b4 14. Qa4 bxa3 15. Qxc6 Rc8 16. Qa4 axb2 17. Bxb2 Qb6 18. Rfb1 Rc4 19. Qc2 Qc6 20. Re1 Bd8 21. a4 Ba5 22. Bf1 Rc5 23. Re3 Rb8 24. Rc1 Rb3 25. c4 Rxe3 26. fxe3 Bb4 27. Qb3 a5 28. Qc2 h6 29. Kf2 Bc8 30. Kg1 Bb7 31. Bd3 f5 32. Rf1 fxe4 33. Qf2 Qe8 34. Be2 Bc8 0-1

[Event "Imperia op-A 44th"]
[Site "Imperia"]
[Date "2002.09.01"]
[Round "1"]
[White "Basso, Fabrice"]
[Black "Blasco, Domenico"]
[Result "1-0"]
[WhiteElo "2207"]
[BlackElo "2056"]
[PlyCount "79"]
[EventDate "2002.09.01"]
[EventType "swiss"]
[EventRounds "9"]
[EventCountry "ITA"]
[SourceTitle "EXT 2007"]
[Source "ChessBase"]
[SourceDate "2006.11.23"]
[SourceVersion "1"]
[SourceVersionDate "2006.11.23"]
[SourceQuality "1"]

1. e4 Nf6 2. e5 Nd5 3. d4 d6 4. Nf3 dxe5 5. Nxe5 g6 6. Bc4 c6 7. Nc3 Bg7 8. Qf3 Be6 9. 0-0 0-0 10. Bb3 Nd7 11. Re1 a5 12. Na4 Nxe5 13. dxe5 b5 14. Nc5 a4 15. Bxd5 Bxd5 16. Qe3 e6 17. a3 Qe7 18. Bd2 Rfd8 19. Rad1 Bc4 20. b3 axb3 21. cxb3 Bd5 22. Bb4 Qa7 23. h4 h5 24. Qe2 Bf8 25. Rc1 Bh6 26. Rc2 Bf8 27. Rc3 Qe7 28. Ne4 Qxh4 29. Nf6+ Kg7 30. Rh3 Qxh3 31. gxh3 Bxb4 32. axb4 Bxb3 33. Kh2 Ra2 34. Qe3 Bc4 35. Rg1 Rd3 36. Nxh5+ Kh7 37. Qf4 f5 38. Nf6+ Kg7 39. Qh4 Kf8 40. Qh8+ 1-0

[Event "Imperia op-A 43rd"]
[Site "Imperia"]
[Date "2001.09.09"]
[Round "9.18"]
[White "Scarenzio, Renato"]
[Black "Basso, Fabrice"]
[Result "0-1"]
[WhiteElo "2140"]
[BlackElo "2212"]
[PlyCount "130"]
[EventDate "2001.09.02"]
[EventType "swiss"]
[EventRounds "9"]
[EventCountry "ITA"]
[SourceTitle "EXT 2024"]
[Source "ChessBase"]
[SourceDate "2023.10.10"]
[SourceVersion "1"]
[SourceVersionDate "2023.10.10"]
[SourceQuality "1"]

1. d4 Nf6 2. c4 c5 3. d5 b5 4. Nf3 d6 5. a4 bxc4 6. Nc3 Nbd7 7. e4 Ba6 8. Qc2 g6 9. Nd1 Rb8 10. Ne3 Bg7 11. Nxc4 0-0 12. Bd2 Bxc4 13. Bxc4 Qc7 14. 0-0 Nb6 15. Bb5 e6 16. dxe6 fxe6 17. Nd4 Qf7 18. Nc6 Rbc8 19. e5 dxe5 20. Nxe5 Qc7 21. f4 Nbd7 22. Nxd7 Nxd7 23. Bc4 Qd6 24. Rae1 Rce8 25. Be3 Bd4 26. Qd3 Nb6 27. Bb5 Rd8 28. b3 Rxf4 29. Rxf4 Qxf4 30. Qxd4 Qxd4 31. Bxd4 cxd4 32. a5 Nd5 33. Bc4 Kf7 34. Re4 Nc7 35. Bd3 Rd7 36. Kf2 Kf6 37. Rf4+ Ke5 38. Kf3 Kd5 39. a6 Kc5 40. Ke4 Kb4 41. Bc4 Kc3 42. Rf3+ Kb4 43. Rf4 Kc5 44. Bd3 e5 45. Rf6 Re7 46. Rf8 Ne6 47. Rc8+ Kd6 48. Bc4 Nc5+ 49. Kf3 e4+ 50. Ke2 Nd7 51. Rd8 Ke5 52. Kd2 Nb6 53. Bg8 h6 54. Ke2 d3+ 55. Ke3 Rd7 56. Re8+ Kf6 57. Kd2 Re7 58. Rxe7 Kxe7 59. h4 Kf6 60. g4 g5 61. hxg5+ hxg5 62. Bc4 Nxc4+ 63. bxc4 Ke5 64. Ke3 Kd6 65. Kd2 Kc6 0-1

[Event "Imperia op-A 43rd"]
[Site "Imperia"]
[Date "2001.09.05"]
[Round "5.7"]
[White "Payen, Arnaud"]
[Black "Basso, Fabrice"]
[Result "1-0"]
[WhiteElo "2353"]
[BlackElo "2212"]
[PlyCount "78"]
[EventDate "2001.09.02"]
[EventType "swiss"]
[EventRounds "9"]
[EventCountry "ITA"]
[SourceTitle "EXT 2024"]
[Source "ChessBase"]
[SourceDate "2023.10.10"]
[SourceVersion "1"]
[SourceVersionDate "2023.10.10"]
[SourceQuality "1"]

1. e4 c5 2. Nf3 Nc6 3. Bb5 d6 4. 0-0 e6 5. Re1 Bd7 6. c3 Nf6 7. d4 cxd4 8. cxd4 d5 9. exd5 Nxd5 10. Nc3 Nxc3 11. bxc3 Be7 12. Qe2 a6 13. Bd3 0-0 14. h4 Qa5 15. Bg5 Rfe8 16. Rab1 Qc7 17. Bxe7 Rxe7 18. Bxh7+ Kxh7 19. Ng5+ Kg6 20. Qg4 Kh6 21. h5 Be8 22. Re3 Qa5 23. Nxe6 Rxe6 24. Rxe6+ fxe6 25. Qxe6+ Kh7 26. h6 Qc7 27. hxg7 Bf7 28. Qf6 Bg6 29. Rb3 Re8 30. g8Q+ Rxg8 31. c4 Rg7 32. Qf8 Qa5 33. Rh3+ Bh5 34. Qe8 Rg5 35. d5 Nb4 36. Rxh5+ Rxh5 37. Qxh5+ Kg7 38. Qg4+ Kf7 39. Qe6+ Kf8 1-0

[Event "Imperia op-A 43rd"]
[Site "Imperia"]
[Date "2001.09.04"]
[Round "3"]
[White "Basso, Fabrice"]
[Black "Barberi, Alessandro"]
[Result "1-0"]
[WhiteElo "2212"]
[BlackElo "2140"]
[PlyCount "41"]
[EventDate "2001.09.02"]
[EventType "swiss"]
[EventRounds "9"]
[EventCountry "ITA"]
[SourceTitle "CBM 084 Extra"]
[Source "ChessBase"]
[SourceDate "2001.10.26"]
[SourceVersion "1"]
[SourceVersionDate "2001.10.26"]
[SourceQuality "1"]

1. e4 c5 2. Nf3 d6 3. d4 cxd4 4. Nxd4 Nf6 5. Nc3 g6 6. Be3 Bg7 7. f3 0-0 8. Qd2 Nc6 9. Bc4 Bd7 10. Bb3 Qa5 11. h4 Rfc8 12. h5 Nxh5 13. g4 Nxd4 14. Bxd4 Bxd4 15. Qxd4 Rxc3 16. bxc3 Nf6 17. 0-0-0 Rc8 18. Kb2 Qc5 19. e5 Ne8 20. Bxf7+ Kxf7 21. e6+ 1-0

[Event "Martinez op-A"]
[Site "Cannes"]
[Date "2000.07.31"]
[Round "3"]
[White "Houska, Miroslav"]
[Black "Basso, Fabrice"]
[Result "1-0"]
[WhiteElo "2291"]
[BlackElo "2150"]
[PlyCount "55"]
[EventDate "2000.07.29"]
[EventType "swiss"]
[EventRounds "9"]
[EventCountry "FRA"]
[SourceTitle "EXT 2001"]
[Source "ChessBase"]
[SourceDate "2000.11.22"]
[SourceVersion "1"]
[SourceVersionDate "2000.11.22"]
[SourceQuality "1"]

1. d4 Nf6 2. c4 c5 3. d5 b5 4. cxb5 a6 5. bxa6 Bxa6 6. Nc3 d6 7. f4 g6 8. Nf3 Bg7 9. e4 Bxf1 10. Rxf1 0-0 11. e5 dxe5 12. fxe5 Ng4 13. Qe2 Nd7 14. e6 Nde5 15. Ng5 f5 16. h3 Nf6 17. Bf4 h6 18. Bxe5 hxg5 19. 0-0-0 Qa5 20. g4 f4 21. Qc2 Kh7 22. Rh1 Ne8 23. Bxg7 Kxg7 24. h4 gxh4 25. Rxh4 Nf6 26. Rdh1 Ng8 27. Rh7+ Kf6 28. Qe4 1-0

[Event "Cannes op"]
[Site "Cannes"]
[Date "2000.02.27"]
[Round "8"]
[White "Basso, Fabrice"]
[Black "Lamb, Harry M"]
[Result "1-0"]
[WhiteElo "2082"]
[BlackElo "2185"]
[PlyCount "81"]
[EventDate "2000.02.20"]
[EventType "swiss"]
[EventRounds "9"]
[EventCountry "FRA"]
[SourceTitle "EXT 2001"]
[Source "ChessBase"]
[SourceDate "2000.11.22"]
[SourceVersion "1"]
[SourceVersionDate "2000.11.22"]
[SourceQuality "1"]

1. e4 e6 2. d4 d5 3. e5 c5 4. c3 Nc6 5. Nf3 Bd7 6. a3 cxd4 7. cxd4 f6 8. Bd3 fxe5 9. dxe5 g6 10. b4 Bg7 11. Bb2 Nh6 12. 0-0 0-0 13. Nbd2 Rc8 14. Nb3 Rc7 15. Rc1 Ne7 16. Qe2 Nef5 17. Rxc7 Qxc7 18. Rc1 Qd8 19. b5 Nh4 20. Nfd2 Qg5 21. g3 N4f5 22. Rc7 Bc8 23. a4 Qd8 24. Rc1 Rf7 25. g4 Nh4 26. h3 Qf8 27. Bd4 b6 28. Be3 Bb7 29. f4 Rxf4 30. Bxf4 Qxf4 31. Qf2 Bxe5 32. Qxf4 Bxf4 33. Kf2 d4 34. Rc4 e5 35. Rc7 Bd5 36. Rxa7 Be3+ 37. Kg3 g5 38. Bxh7+ Kf8 39. Be4 Be6 40. Rb7 Bf4+ 41. Kf2 1-0

[Event "Cannes"]
[Site "Cannes"]
[Date "1999.??.??"]
[Round "1"]
[White "Basso, Fabrice"]
[Black "Bes, Stephane"]
[Result "1-0"]
[WhiteElo "2125"]
[BlackElo "2183"]
[PlyCount "75"]
[EventDate "1999.02.??"]
[EventType "k.o."]
[EventRounds "7"]
[EventCountry "FRA"]
[SourceTitle "EXT 2000"]
[Source "ChessBase"]
[SourceDate "1999.11.16"]
[SourceVersion "1"]
[SourceVersionDate "1999.11.16"]
[SourceQuality "1"]

1. e4 c5 2. Nf3 d6 3. d4 cxd4 4. Nxd4 Nf6 5. Nc3 a6 6. Bc4 e6 7. Bb3 Be7 8. Qf3 0-0 9. Qg3 b5 10. Bh6 Ne8 11. h4 Kh8 12. Bg5 Nf6 13. a3 Qc7 14. 0-0-0 Bd7 15. f4 Nc6 16. Nxc6 Bxc6 17. e5 dxe5 18. fxe5 b4 19. axb4 Bxb4 20. Qf4 Bxc3 21. Bxf6 Qa5 22. bxc3 gxf6 23. Qxf6+ Kg8 24. Rd4 Rfd8 25. Rg4+ Kf8 26. Kb2 Rab8 27. Qh6+ Ke7 28. Qg5+ Kf8 29. Rf1 Be8 30. Qg7+ Ke7 31. Qf6+ Kf8 32. Qxe6 Rd7 33. Qh6+ Ke7 34. Qg5+ Kf8 35. e6 Qxg5 36. Rxg5 Rdb7 37. exf7 Bxf7 38. Kc1 1-0